00468nam a2200169Ia 4500003000900000008004100009040001600050080001600066100002600082245006300108260003200171300001600203650001900219650002200238650001900260650001900279IN-BaIIA211028s9999 xx 000 0 eng d cIIA Library a539.18bOFF aOffenhartz, Peter O'D 0aAtomic and molecular orbital theorycPeter O'D, Offenhartz aNew YorkbMcGraw-Hillc1970 axiii, 369p. aAtomic physics aMolecular physics aNASA thesaurus aOrbital theory